Statistiques concernant 15 decimals of Pi in 20 seconds

Cliquez ici pour prendre le quiz!

Statistiques générales

  • Ce quiz a été pris 77 fois
  • Le résultat moyen est 9 sur 15

Statistiques - réponses

Decimals of πRéponse% Correct
11
100%
24
97%
31
93%
45
90%
59
87%
62
77%
76
57%
85
53%
93
43%
105
43%
118
37%
129
37%
153
30%
137
30%
149
30%

Distribution des résultats

Percentile par nombre de réponses

% des personnes avec chaque résultat

Votre développement - résultats

Vous n’avez pas pris ce quiz